| 000 -LEADER |
| fixed length control field |
02027cim a2200481 a 4500 |
| 001 - CONTROL NUMBER |
| control field |
16913311 |
| 003 - CONTROL NUMBER IDENTIFIER |
| control field |
NUST |
| 005 - DATE AND TIME OF LATEST TRANSACTION |
| control field |
20191003123651.0 |
| 007 - PHYSICAL DESCRIPTION FIXED FIELD--GENERAL INFORMATION |
| fixed length control field |
sd fsngnnmmned |
| 008 - FIXED-LENGTH DATA ELEMENTS--GENERAL INFORMATION |
| fixed length control field |
110810s2010 nyunnn| f | eng d |
| 010 ## - LIBRARY OF CONGRESS CONTROL NUMBER |
| LC control number |
2011622251 |
| 020 ## - INTERNATIONAL STANDARD BOOK NUMBER |
| International Standard Book Number |
9781607886556 |
| 020 ## - INTERNATIONAL STANDARD BOOK NUMBER |
| International Standard Book Number |
1607886553 |
| 028 02 - PUBLISHER NUMBER |
| Publisher number |
2-82655 |
| Source |
Hachette Audio |
| 035 ## - SYSTEM CONTROL NUMBER |
| System control number |
(OCoLC)ocn606759817 |
| 038 ## - RECORD CONTENT LICENSOR |
| Staff Name |
waseem |
| 040 ## - CATALOGING SOURCE |
| Original cataloging agency |
BTCTA |
| Language of cataloging |
eng |
| Transcribing agency |
BTCTA |
| Modifying agency |
TEF |
| -- |
TEFMT |
| -- |
IUI |
| -- |
OCLCA |
| -- |
DLC |
| 042 ## - AUTHENTICATION CODE |
| Authentication code |
lccopycat |
| 043 ## - GEOGRAPHIC AREA CODE |
| Geographic area code |
n-us-dc |
| 050 00 - LIBRARY OF CONGRESS CALL NUMBER |
| Classification number |
SDC 05739 |
| 082 ## - DEWEY DECIMAL CLASSIFICATION NUMBER |
| Classification number |
813.54 |
| Author Mark |
BAL |
| 100 1# - MAIN ENTRY--PERSONAL NAME |
| Personal name |
Baldacci, David. |
| 9 (RLIN) |
6689 |
| 245 10 - TITLE STATEMENT |
| Title |
Hell's corner |
| Medium |
[sound recording] / |
| Statement of responsibility, etc. |
David Baldacci. |
| 260 ## - PUBLICATION, DISTRIBUTION, ETC. |
| Place of publication, distribution, etc. |
New York : |
| Name of publisher, distributor, etc. |
Hachette Audio, |
| Date of publication, distribution, etc. |
p2010. |
| 300 ## - PHYSICAL DESCRIPTION |
| Extent |
6 sound discs (7.5 hr.) : |
| Other physical details |
digital ; |
| Dimensions |
4 3/4 in. |
| 306 ## - PLAYING TIME |
| Playing time |
073000 |
| 500 ## - GENERAL NOTE |
| General note |
Abridged. |
| 500 ## - GENERAL NOTE |
| General note |
Compact discs. |
| 511 0# - PARTICIPANT OR PERFORMER NOTE |
| Participant or performer note |
Read by Ron McLarty and Orlagh Cassidy. |
| 520 ## - SUMMARY, ETC. |
| Summary, etc. |
A bomb detonates in the White House immediately after the British prime minister departs from the state dinner. Oliver Stone, who witnesses the event, believes the prime minister and the president were targets of a terrorist plot. MI-5 agent Mary Chapman is assigned to assist Stone and his Camel Club with the investigation, which reveals that the bombing may have actually been botched and is part of a darker, deadlier conspiracy. |
| 650 #0 - SUBJECT ADDED ENTRY--TOPICAL TERM |
| Topical term or geographic name entry element |
Stone, Oliver (Fictitious character) |
| Form subdivision |
Fiction. |
| 9 (RLIN) |
11673 |
| 650 #0 - SUBJECT ADDED ENTRY--TOPICAL TERM |
| Topical term or geographic name entry element |
Camel Club (Imaginary organization) |
| Form subdivision |
Fiction. |
| 9 (RLIN) |
11674 |
| 650 #0 - SUBJECT ADDED ENTRY--TOPICAL TERM |
| Topical term or geographic name entry element |
Bombing investigation |
| Form subdivision |
Fiction. |
| 9 (RLIN) |
22664 |
| 651 #0 - SUBJECT ADDED ENTRY--GEOGRAPHIC NAME |
| Geographic name |
Washington (D.C.) |
| Form subdivision |
Fiction. |
| 9 (RLIN) |
4575 |
| 655 #7 - INDEX TERM--GENRE/FORM |
| Genre/form data or focus term |
Suspense fiction. |
| Source of term |
gsafd |
| 9 (RLIN) |
4577 |
| 655 #7 - INDEX TERM--GENRE/FORM |
| Genre/form data or focus term |
Audiobooks. |
| Source of term |
lcgft |
| 9 (RLIN) |
22543 |
| 700 1# - ADDED ENTRY--PERSONAL NAME |
| Personal name |
McLarty, Ron. |
| Relator code |
prf |
| 9 (RLIN) |
22665 |
| 700 1# - ADDED ENTRY--PERSONAL NAME |
| Personal name |
Cassidy, Orlagh. |
| Relator code |
prf |
| 9 (RLIN) |
22666 |
| 856 42 - ELECTRONIC LOCATION AND ACCESS |
| Materials specified |
Publisher description |
| Uniform Resource Identifier |
<a href="http://www.loc.gov/catdir/enhancements/fy1115/2011622251-d.html">http://www.loc.gov/catdir/enhancements/fy1115/2011622251-d.html</a> |
| 906 ## - LOCAL DATA ELEMENT F, LDF (RLIN) |
| a |
7 |
| b |
cbc |
| c |
copycat |
| d |
2 |
| e |
ncip |
| f |
20 |
| g |
y-soundrec |
| 942 ## - ADDED ENTRY ELEMENTS (KOHA) |
| Source of classification or shelving scheme |
|
| Koha item type |
Book |